<?xml version="1.0" encoding="UTF-8"?>
<marc:record xmlns:marc="http://www.loc.gov/MARC21/slim">
   <marc:leader>00000nam a2200000 a 4500</marc:leader>
   <marc:datafield ind1="1" ind2=" " tag="100">
      <marc:subfield code="a">Dippel Julia</marc:subfield>
      <marc:subfield code="4">aut</marc:subfield>
      <marc:subfield code="e">Verfasser/-in</marc:subfield>
   </marc:datafield>
   <marc:datafield ind1="0" ind2="0" tag="245">
      <marc:subfield code="a">Izara 2: Stille Wasser</marc:subfield>
   </marc:datafield>
   <marc:datafield ind1=" " ind2="1" tag="264">
      <marc:subfield code="b">Thienemann-Esslinger</marc:subfield>
      <marc:subfield code="c">2018</marc:subfield>
   </marc:datafield>
   <marc:datafield ind1="1" ind2=" " tag="520">
      <marc:subfield code="a">Der zweite Teil der packenden Romantasy-Reihe von Julia Dippel.   Die gesamte unsterbliche Welt weiß nun von Izara, und während ihr Vater im Kerker der Phalanx schmort, wird Ari von der Liga vorgeladen. Dort muss sie sich nicht nur dem hohen Rat stellen, sondern auch Lucians Familie à</marc:subfield>
   </marc:datafield>
   <marc:datafield ind1=" " ind2=" " tag="020">
      <marc:subfield code="a">9783522506229</marc:subfield>
      <marc:subfield code="9">9783522506229</marc:subfield>
   </marc:datafield>
</marc:record>
